Turning strategy into action /

Bibliographic Details
Other Authors: Irons, Ken
Format: Book
Language:English
Published: Oxford ; New York : Pergamon Press, 1991.
Edition:1st ed.
Series:Best of long range planning ; no. 9.
Subjects:

MARC

Tag First Indicator Second Indicator Subfields
LEADER 00000cam a2200000 a 4500
001 in00001057921
005 20150929083416.0
008 910326s1991 enka b 000 0 eng
010 |a  91014450  
020 |a 0080406661 (HC) :  |c $59.00 
020 |a 008040667X (FC) :  |c $25.00 
035 |a (OCoLC)23462053 
035 |9 AFK1181AM 
040 |a DLC  |c DLC  |d TXA  |d UtOrBLW 
049 |a TXAM 
050 0 0 |a HD30.28  |b .T82 1991 
082 0 0 |a 658.4/012  |2 20 
245 0 0 |a Turning strategy into action /  |c edited by Ken Irons. 
250 |a 1st ed. 
264 1 |a Oxford ;  |a New York :  |b Pergamon Press,  |c 1991. 
300 |a v, 136 pages :  |b illustrations ;  |c 31 cm. 
336 |a text  |b txt  |2 rdacontent 
337 |a unmediated  |b n  |2 rdamedia 
338 |a volume  |b nc  |2 rdacarrier 
490 1 |a The Best of long range planning ;  |v no. 9 
504 |a Includes bibliographical references. 
650 0 |a Strategic planning. 
650 0 |a Strategic planning  |v Case studies. 
700 1 |a Irons, Ken. 
830 0 |a Best of long range planning ;  |v no. 9. 
999 |a MARS 
999 f f |s f49d1a0d-3d59-337a-80d1-834400b9f992  |i a56d19d3-9834-3846-b0fa-9d447630ccda  |t 0 
952 f f |p ric  |a Texas A&M University  |b Rellis Campus  |c Joint Library Facility  |d Remote Storage  |t 0  |e HD30.28 .T82 1991  |h Library of Congress classification  |i unmediated -- volume  |m A14815533057 
998 f f |a HD30.28 .T82 1991  |t 0  |l Remote Storage